Smithsonian Features (Registro nro. 17135)

Detalles MARC
000 -CABECERA
Campo de control 00228as aa2200097a 44500
090 ## - CLASIFICACIÓN LOCAL
Colección SERIADAS
Consecutivo 00986
041 0# - IDIOMA
Código de idioma para texto/pista de sonido o título separado
245 10 - MENCION DE TITULO
Título Smithsonian Features
260 ## - PUBLICACION, DISTRIBUCION, ETC. (PIE DE IMPRENTA)
Nombre del editor, distribuidor, etc. Smithsonian Institution
Lugar de publicación, distribución, etc. Estados Unidos
942 ## - ELEMENTOS ADICIONALES (KOHA)
Tipo de ítem Periodica o revista
Existencias
Withdrawn status Lost status Damaged status No para préstamo Colección Fecha publicación (Año) Volumen revista Número revista Ubicación Permanente Ubicación actual Fecha de adquisición Fuente de Valor Total Checkouts Número topográfico Inventario / Código de Barras Date last seen Ejemplar Price effective from Forma de adquisición Tipo de material
        Hemeroteca 1996 27 9 Villa de Leyva Villa de Leyva 21/03/2001 Desconocido   SERIADAS 00986 009464 25/03/2015 1 25/03/2015   Periodica o revista